000 01002pam a2200313 a 4500
001 290
003 FISKH
005 20230317094832.0
008 850801r1986 nyua j 000 1 eng
010 _a 85018999
040 _aDLC
_cDLC
_dDLC
_dFISKH
_beng
042 _alcac
050 0 0 _aPZ7.L58474
_bPr 1986
082 0 0 _a823.912
_219
100 1 _aLewis, C. S.
_q(Clive Staples),
_d1898-1963.
245 1 0 _aPrince Caspian :
_cC.S. Lewis ; illustrated by Pauline Baynes.
260 _aNew York :
_bHarper Collins
_c2015
300 _a190 p. :
_bill. ;
_c18 cm.
490 1 _aThe Chronicles of Narnia ;
_vbk. 4
505 _aM
520 _aFour children help Prince Caspian and his army of Talking Beasts to free Narnia from evil.
521 8 _a870
_bLexile
521 8 _aM
_bRaz-Plus
650 1 _aFantasy.
700 1 _aBaynes, Pauline,
_eill.
800 1 _aLewis, C. S.
_q(Clive Staples),
_d1898-1963.
_vbk. 4
906 _a7
_bcbc
_corignew
_d1
_eocip
_f19
_gy-gencatlg
942 _2ddc
_cBK
_n0
999 _c290
_d290